[Event "GER-chT U18 Girls"]
[Site "Germany"]
[Date "2012.05.05"]
[Round "5.2"]
[White "Caliebe, Nanke"]
[Black "Hoernschemeyer, Mara"]
[Result "1-0"]
[WhiteElo "867"]
[BlackElo "800"]
[PlyCount "49"]
[EventDate "2012.05.04"]
[EventType "team-swiss"]
[EventRounds "7"]
[EventCountry "GER"]
[SourceTitle "EXT 2014"]
[Source "ChessBase"]
[SourceDate "2013.11.20"]
[SourceVersion "1"]
[SourceVersionDate "2013.11.20"]
[SourceQuality "1"]
[WhiteTeam "Altenholz Gymn (W)"]
[BlackTeam "Hamm FvSG (W)"]
[WhiteTeamCountry "GER"]
[BlackTeamCountry "GER"]

1. d4 e6 2. c4 Nc6 3. e3 Bb4+ 4. Bd2 d6 5. Nf3 Nf6 6. Nc3 0-0 7. Be2 e5 8. Nb5 Be6 9. d5 Bxd5 10. cxd5 Nxd5 11. 0-0 e4 12. Nfd4 Ne5 13. Bxb4 Nxb4 14. Qb3 Qf6 15. Qxb4 c5 16. Qd2 cxd4 17. Qxd4 d5 18. Qxd5 Ng6 19. Qxe4 Nh4 20. g3 Rae8 21. Qxh4 Qf5 22. Rad1 g5 23. Qh6 Re6 24. Bd3 Qf3 25. Qxh7# 1-0

[Event "GER-chT U18 Girls"]
[Site "Germany"]
[Date "2012.05.04"]
[Round "3.2"]
[White "Hoernschemeyer, Mara"]
[Black "Fuehrer, Anne"]
[Result "1-0"]
[WhiteElo "800"]
[BlackElo "800"]
[PlyCount "39"]
[EventDate "2012.05.04"]
[EventType "team-swiss"]
[EventRounds "7"]
[EventCountry "GER"]
[SourceTitle "EXT 2014"]
[Source "ChessBase"]
[SourceDate "2013.11.20"]
[SourceVersion "1"]
[SourceVersionDate "2013.11.20"]
[SourceQuality "1"]
[WhiteTeam "Hamm FvSG (W)"]
[BlackTeam "Broderstorf SadC (W)"]
[WhiteTeamCountry "GER"]
[BlackTeamCountry "GER"]

1. e4 e5 2. Nf3 Nf6 3. Nc3 Nc6 4. Bc4 Bc5 5. d3 0-0 6. 0-0 d6 7. h3 a6 8. Bg5 Qe8 9. Bxf6 gxf6 10. Nh4 Bb4 11. Nd5 Be6 12. Nxf6+ Kg7 13. Nxe8+ Rfxe8 14. Nf5+ Bxf5 15. exf5 h6 16. Qf3 a5 17. f6+ Kf8 18. Qh5 Kg8 19. Qxf7+ Kh8 20. Qg7# 1-0